Derecho familiar chileno
Gardado en:
| Autor Principal: | |
|---|---|
| Formato: | Libro |
| Idioma: | Lingua castelá |
| Publicado: |
Santiago
Legal Publishing
2017
|
| Edición: | 1a. ed |
| Series: | Colección Tratados y Manuales
|
| Subjects: | |
| Tags: |
Engadir etiqueta
Sen Etiquetas, Sexa o primeiro en etiquetar este rexistro!
|
MARC
| LEADER | 00000cam a2200000 a 4500 | ||
|---|---|---|---|
| 001 | UCD7121 | ||
| 003 | CL-VaPUC | ||
| 008 | 170309e20170000cl |||||||||||||||||spa|d | ||
| 020 | |a 9789563468397 | ||
| 082 | 0 | 4 | |a 346.83015 |b LEP |2 21 |
| 100 | |a Lepin Molina, Cristián Luis |e author |9 622188 | ||
| 245 | 1 | 0 | |a Derecho familiar chileno |
| 250 | |a 1a. ed | ||
| 300 | |a 535 p | ||
| 942 | |c BK | ||
| 945 | |d 20170309 22:28:00 |a dcastane | ||
| 260 | |a Santiago |b Legal Publishing |c 2017 | ||
| 650 | 0 | |a Derecho de familia |9 255603 | |
| 650 | 7 | |a MATRIMONIO |2 CL-VaPUC |9 591044 | |
| 650 | 0 | |a Familias |9 255641 | |
| 650 | 0 | |a Sociedad conyugal |9 357527 | |
| 583 | |a last modification |c 20170309 22:28:00 |k Rodrigo Vera | ||
| 490 | 0 | |a Colección Tratados y Manuales | |
| 999 | |c 367233 |d 367231 | ||
| 952 | |0 0 |1 0 |3 erb |4 0 |6 346_830150000000000_LEP_2017 |7 0 |8 A |9 481986 |a BIBDER |b BIBDER |i 5364515 |l 7 |m 1 |o 346.83015 LEP 2017 |p 5364515 |r 2024-07-31 |s 2024-07-31 |w 2019-11-24 |y BK |z Catalogado en:20170309 |k DER | ||
| 952 | |0 0 |1 0 |3 erb |4 0 |6 346_830150000000000_LEP_2017 |7 0 |8 A |9 481987 |a BIBGIM |b BIBGIM |i 5375398 |l 2 |m 8 |o 346.83015 LEP 2017 |p 5375398 |q 2025-07-31 |r 2025-01-22 |s 2025-01-22 |w 2019-11-24 |y BK |z Catalogado en:20170512 |k SSL | ||
| 952 | |0 0 |1 0 |3 erb |4 0 |6 346_830150000000000_LEP_2017 |7 0 |8 A |9 481988 |a BIBGIM |b BIBGIM |i 5438454 |l 2 |m 8 |o 346.83015 LEP 2017 |p 5438454 |q 2025-07-31 |r 2025-01-20 |s 2025-01-20 |w 2019-11-24 |y BK |z Catalogado en:20171124 |k SSL | ||